[Event "Oberhausen- Elberfeld"]
[Site "?"]
[Date "2022.09.25"]
[Round "2.3"]
[White "Dresen, Ulrich"]
[Black "Kummerow, Heiko"]
[Result "0-1"]
[WhiteElo "2190"]
[BlackElo "2212"]
[PlyCount "122"]
[EventDate "2022.??.??"]
[SourceVersionDate "2023.06.22"]

1. d4 Nf6 2. c4 g6 3. Nc3 Bg7 4. e4 d6 5. h3 O-O 6. Be3 e5 7. d5 Na6 8. Nf3 Nc5
9. Nd2 a5 10. g4 Kh8 11. f3 Ne8 12. h4 f5 13. g5 c6 14. Qe2 Nc7 15. Qg2 Qe8 16.
Be2 cxd5 17. cxd5 b5 18. Rc1 Bd7 19. Nd1 N7a6 20. a3 Rc8 21. O-O f4 22. Bxc5
Nxc5 23. Nf2 Qe7 24. Nd3 Nxd3 25. Bxd3 Rfe8 26. Nb3 Qd8 27. Rxc8 Bxc8 28. Rc1
a4 29. Na1 Bd7 30. Nc2 Qc7 31. Rd1 Rc8 32. Nb4 Qb6+ 33. Qf2 Rc5 34. Bf1 Qb7 35.
Nd3 Rc7 36. Rd2 Bf8 37. Rc2 Be7 38. Rxc7 Qxc7 39. Qd2 Bd8 40. Kh2 Qb6 41. Nb4
Qc5 42. Na6 Qa7 43. Nb4 Ba5 44. Kg2 Kg7 45. Qc3 Bh3+ 46. Kh1 Bxf1 47. Qc8 Qc7
48. Qe6 Bxb4 49. Qf6+ Kg8 50. Qe6+ Qf7 51. Qc8+ Kg7 52. axb4 Qe7 53. Kg1 Bd3
54. Kg2 h6 55. gxh6+ Kh7 56. Kh3 Bf1+ 57. Kg4 Qf6 58. Qe6 Qxe6+ 59. dxe6 Bc4
60. e7 Bf7 61. Kg5 Be8 0-1

[Event "Oberhausen- Elberfeld"]
[Site "?"]
[Date "2022.09.25"]
[Round "2.5"]
[White "Boos, Markus"]
[Black "Mancic, Ivan"]
[Result "1/2-1/2"]
[WhiteElo "2153"]
[BlackElo "2128"]
[PlyCount "34"]
[EventDate "2022.??.??"]
[SourceVersionDate "2023.06.22"]

1. d4 Nf6 2. c4 g6 3. g3 c6 4. Nf3 Bg7 5. Bg2 d5 6. b3 O-O 7. O-O Bf5 8. Bb2
Nbd7 9. Nc3 Ne4 10. Nxe4 Bxe4 11. e3 Re8 12. cxd5 cxd5 13. Qe2 Qa5 14. Rfc1
Rec8 15. Rxc8+ Rxc8 16. Rc1 Rxc1+ 17. Bxc1 e6 1/2-1/2

[Event "Oberhausen- Elberfeld"]
[Site "?"]
[Date "2022.09.25"]
[Round "2.6"]
[White "Ciornei, Dragos"]
[Black "Tymura, Achim"]
[Result "1/2-1/2"]
[WhiteElo "2145"]
[BlackElo "2042"]
[PlyCount "47"]
[EventDate "2022.??.??"]
[SourceVersionDate "2023.06.22"]

1. e4 c5 2. Nf3 Nc6 3. d4 cxd4 4. Nxd4 g6 5. Nc3 Bg7 6. Be3 Nf6 7. Bc4 O-O 8.
Bb3 d6 9. f3 Bd7 10. Qd2 Qa5 11. g4 Rfc8 12. h4 Ne5 13. O-O-O Nc4 14. Bxc4 Rxc4
15. Nb3 Qd8 16. e5 Ne8 17. h5 Bxe5 18. hxg6 hxg6 19. Bd4 Rxd4 20. Nxd4 Bg7 21.
Nd5 e6 22. Ne3 d5 23. f4 Nd6 24. Qb4 1/2-1/2

[Event "Oberhausen- Elberfeld"]
[Site "?"]
[Date "2022.09.25"]
[Round "2.7"]
[White "Neuer, Thomas"]
[Black "Nissen, Claus"]
[Result "1/2-1/2"]
[WhiteElo "2085"]
[BlackElo "2197"]
[Annotator "daniel"]
[PlyCount "54"]
[EventDate "2022.??.??"]
[SourceVersionDate "2023.06.22"]

1. Nf3 Nf6 2. g3 c5 3. Bg2 Nc6 4. c4 d5 5. cxd5 Nxd5 6. Nc3 Nxc3 7. bxc3 e5 8.
d3 Be7 9. O-O O-O 10. Qb3 Rb8 11. Be3 Be6 12. Qb5 $11 a6 13. Qb2 f5 14. a4 h6
15. Rfb1 f4 16. Bc1 c4 17. Qd2 fxg3 18. hxg3 Bf5 19. Qa2 Be6 20. Be3 Qc8 21. d4
Bf6 22. Rd1 exd4 23. Nxd4 Nxd4 24. Bxd4 Bxd4 25. Rxd4 b5 26. axb5 axb5 27. Qa3
Bg4 1/2-1/2

[Event "Oberhausen- Elberfeld"]
[Site "?"]
[Date "2022.09.25"]
[Round "2.8"]
[White "Voge, Andreas"]
[Black "Maenken, Merlin"]
[Result "1/2-1/2"]
[WhiteElo "2064"]
[BlackElo "1669"]
[Annotator "daniel"]
[PlyCount "100"]
[EventDate "2022.??.??"]
[SourceVersionDate "2023.06.22"]

1. e4 c5 2. Nf3 d6 3. d4 cxd4 4. Nxd4 Nf6 5. Nc3 a6 6. f4 e5 7. Nf3 Qc7 8. Bd3
Be7 9. O-O Be6 10. a4 Nbd7 11. Kh1 O-O 12. Be3 Ng4 13. Bg1 exf4 14. Nd4 Ne3 15.
Bxe3 fxe3 16. Nf5 Ne5 17. Nxe3 Bg5 18. Ned5 Qd8 19. a5 Rc8 20. Qe2 Bg4 21. Qf2
Nc4 22. Qg3 h5 23. Bxc4 Rxc4 24. h3 Be6 25. Rad1 h4 26. Qd3 Rc6 27. Nb6 Qc7 28.
Ncd5 Bxd5 29. Nxd5 Qd8 30. Rf5 g6 31. Rf3 Qxa5 32. Rdf1 Qd8 33. c3 Be7 $11 34.
Qd4 Qe8 35. Qa7 Qd7 36. Qf2 Bd8 37. Rf6 Kg7 38. Qxh4 Rc5 39. Qf4 Rxd5 40. exd5
Bxf6 41. Qxf6+ Kg8 42. Re1 Qd8 43. Qe7 Qb6 44. b4 Qf2 45. c4 Rc8 46. c5 Kg7 47.
cxd6 Rh8 48. Qe5+ Qf6 49. Qe7 Rxh3+ 50. gxh3 Qf3+ 1/2-1/2

[Event "Sodingen- Bochum"]
[Site "?"]
[Date "2022.09.25"]
[Round "2.1"]
[White "Zatonskih, Anna"]
[Black "Boehnke, Martin"]
[Result "1/2-1/2"]
[WhiteElo "2371"]
[BlackElo "2187"]
[PlyCount "163"]
[EventDate "2022.??.??"]
[SourceVersionDate "2023.06.22"]

1. d4 d5 2. c4 c6 3. Nf3 Nf6 4. Nc3 dxc4 5. a4 Bf5 6. e3 e6 7. Bxc4 Bb4 8. O-O
Nbd7 9. Qe2 Bg6 10. Rd1 O-O 11. Ne1 Qc7 12. Nd3 Bd6 13. Nf4 Bxf4 14. exf4 Nb6
15. Bb3 Rfd8 16. g3 Nbd5 17. Nxd5 Nxd5 18. Be3 Rac8 19. a5 Qd6 20. Ra4 a6 21.
f3 Rd7 22. Bf2 Rcd8 23. Qe1 Nc7 24. Rc4 h6 25. Kg2 Nb5 26. Ba4 Qe7 27. Bxb5
axb5 28. Rcc1 Qd6 29. b4 Ra8 30. Qc3 f6 31. Re1 Qd5 32. Qe3 Bf7 33. Rc5 Qd6 34.
Qe4 Re8 35. Ra1 Ra8 36. Qe1 Bg6 37. Qc3 Ra6 38. Re1 Ra8 39. Qb3 Bf7 40. Qc2 Qf8
41. Qb2 Rd5 42. Rc2 Qd6 43. Rce2 Rd8 44. Qc3 Ra8 45. h4 Rd8 46. a6 bxa6 47. Ra1
Ra8 48. Rea2 Be8 49. Rxa6 Rxa6 50. Rxa6 Qe7 51. Qe1 h5 52. Ra8 Kf7 53. Qb1 g6
54. Qb2 Rd8 55. Ra6 Rd5 56. Qc3 Kg7 57. Qa3 Kf7 58. Qa5 Kg7 59. Ra8 Kf7 60. Rc8
Kf8 61. Rc7 Qd8 62. Rb7 Rd7 63. Rb6 Rd5 64. Qa7 Rd7 65. Qa5 Rd5 66. Ra6 Qe7 67.
Ra8 Kf7 68. Rc8 Kf8 69. Qa8 Qd7 70. Qb8 Qe7 71. Rxc6 Rd8 72. Rc8 Rxc8 73. Qxc8
Qd7 74. Qc5+ Kf7 75. Qc1 Qd5 76. Qc7+ Qd7 77. Qc5 Qd5 78. Qa7+ Qd7 79. d5 Qxa7
80. dxe6+ Kxe6 81. Bxa7 f5 82. Kf2 1/2-1/2

[Event "Sodingen- Bochum"]
[Site "?"]
[Date "2022.09.25"]
[Round "2.2"]
[White "Waldschmidt, Georg"]
[Black "Friedmann, Rafael"]
[Result "0-1"]
[WhiteElo "2185"]
[BlackElo "2434"]
[PlyCount "72"]
[EventDate "2022.??.??"]
[SourceVersionDate "2023.06.22"]

1. e4 c5 2. c3 Nf6 3. e5 Nd5 4. d4 cxd4 5. Nf3 Nc6 6. cxd4 d6 7. Bc4 e6 8. O-O
Be7 9. Qe2 a6 10. Nc3 Nxc3 11. bxc3 dxe5 12. dxe5 Qc7 13. Re1 Bd7 14. Bd3 h6
15. Rb1 Na5 16. Be3 Bc5 17. Bd4 Rd8 18. Rec1 Rc8 19. h4 Bc6 20. Nd2 Bd5 21. c4
Bxd4 22. cxd5 Qxc1+ 23. Rxc1 Rxc1+ 24. Kh2 exd5 25. Nf3 Bb6 26. Qb2 Rc6 27. Qb4
Nc4 28. Bc2 Kd8 29. Ba4 Rc7 30. Qe1 Kc8 31. e6 Re7 32. Bd7+ Kb8 33. g3 fxe6 34.
Ba4 Rf8 35. Bd1 Ka7 36. Kh3 e5 0-1

[Event "Sodingen- Bochum"]
[Site "?"]
[Date "2022.09.25"]
[Round "2.3"]
[White "Illner, Achim"]
[Black "Werrn, Pascal"]
[Result "1-0"]
[WhiteElo "2454"]
[BlackElo "2080"]
[PlyCount "61"]
[EventDate "2022.??.??"]
[SourceVersionDate "2023.06.22"]

1. d4 Nf6 2. Nf3 e6 3. c4 c5 4. d5 exd5 5. cxd5 d6 6. Nc3 g6 7. e4 Bg7 8. h3
O-O 9. Bd3 Nh5 10. O-O a6 11. a4 Re8 12. Bg5 Bf6 13. Be3 Nd7 14. Nd2 Bd4 15.
Bxd4 cxd4 16. Ne2 Ne5 17. Ra3 Bxh3 18. gxh3 Qh4 19. Kg2 Qg5+ 20. Kh1 f5 21. Bb1
Qh4 22. Ng1 d3 23. Bxd3 Nxd3 24. Rxd3 fxe4 25. Re3 Re5 26. Nc4 Rg5 27. Nxd6 Nf4
28. Nxe4 Rg2 29. Rg3 Rxg3 30. fxg3 Qe7 31. Rxf4 1-0

[Event "Sodingen- Bochum"]
[Site "?"]
[Date "2022.09.25"]
[Round "2.4"]
[White "Becker, Joerg"]
[Black "Heinbuch, Detlef"]
[Result "1-0"]
[WhiteElo "2187"]
[BlackElo "2264"]
[PlyCount "27"]
[EventDate "2022.??.??"]
[SourceVersionDate "2023.06.22"]

1. d4 d5 2. Nf3 Nf6 3. e3 e6 4. c4 dxc4 5. Bxc4 a6 6. O-O c5 7. dxc5 Bxc5 8.
Qxd8+ Kxd8 9. b3 Ke7 10. a4 Nc6 11. Nbd2 Bd7 12. Bb2 Rhc8 13. Be2 g6 14. Bxf6+
1-0

[Event "Sodingen- Bochum"]
[Site "?"]
[Date "2022.09.25"]
[Round "2.5"]
[White "Zozulia, Anna"]
[Black "Mueller, Frank"]
[Result "1/2-1/2"]
[WhiteElo "2243"]
[BlackElo "2019"]
[PlyCount "57"]
[EventDate "2022.??.??"]
[SourceVersionDate "2023.06.22"]

1. e4 c5 2. Nf3 e6 3. d4 cxd4 4. Nxd4 Nc6 5. Nc3 Qc7 6. Be2 a6 7. O-O Nf6 8. a3
Nxd4 9. Qxd4 Bc5 10. Qd3 b5 11. Bf3 Rb8 12. g3 h6 13. e5 Nh7 14. Be3 Bxe3 15.
Qxe3 O-O 16. Rad1 f6 17. exf6 Nxf6 18. Rd2 a5 19. Rfd1 b4 20. Na4 Rb5 21. axb4
axb4 22. c4 bxc3 23. Nxc3 Rb3 24. Ra1 Qb8 25. Ra8 Qb4 26. Ra4 Qb8 27. Ra8 Qb4
28. Ra4 Qb8 29. Ra8 1/2-1/2

[Event "Sodingen- Bochum"]
[Site "?"]
[Date "2022.09.25"]
[Round "2.6"]
[White "Hille, Ingo"]
[Black "Kiese, Matthias"]
[Result "1/2-1/2"]
[WhiteElo "2075"]
[BlackElo "2153"]
[PlyCount "57"]
[EventDate "2022.??.??"]
[SourceVersionDate "2023.06.22"]

1. d4 d5 2. Bf4 Nf6 3. Nc3 a6 4. e3 e6 5. Nf3 c5 6. Be2 Nc6 7. O-O Bd6 8. Bg3
Bxg3 9. hxg3 Qd6 10. Re1 O-O 11. Bd3 e5 12. dxe5 Nxe5 13. Nxe5 Qxe5 14. e4 d4
15. f4 Qe6 16. Nd5 Nxd5 17. exd5 Qxd5 18. Re5 Qd6 19. Qh5 g6 20. Qh6 Qf6 21.
Rh5 Qg7 22. Qxg7+ Kxg7 23. Rxc5 Be6 24. Re1 Rac8 25. Ree5 Kf6 26. Kf2 Rfd8 27.
Ke1 Rxc5 28. Rxc5 Bd5 29. Kf2 1/2-1/2

[Event "Sodingen- Bochum"]
[Site "?"]
[Date "2022.09.25"]
[Round "2.7"]
[White "Pewny, Uwe"]
[Black "Ribbeheger, Edgar"]
[Result "1-0"]
[WhiteElo "2203"]
[BlackElo "2029"]
[PlyCount "117"]
[EventDate "2022.??.??"]
[SourceVersionDate "2023.06.22"]

1. e4 c6 2. d4 d5 3. exd5 cxd5 4. Bd3 Nf6 5. Nf3 Nc6 6. c3 Bg4 7. Qb3 Qc7 8.
Nbd2 e6 9. O-O Bd6 10. Re1 O-O 11. h3 Bh5 12. g4 Bg6 13. Bxg6 hxg6 14. Nf1 Ne4
15. Ng5 Nxg5 16. Bxg5 Bf4 17. Bxf4 Qxf4 18. Re3 Na5 19. Qd1 Nc4 20. Rf3 Qg5 21.
Qe2 Rac8 22. Re1 Rc6 23. Ne3 Nd6 24. Ng2 Ne4 25. Re3 Rfc8 26. h4 Qd8 27. Rh3 b5
28. Qxb5 Rc4 29. Qb3 Qc7 30. Qd1 Rb8 31. Re2 Nd6 32. Ne1 a5 33. Nd3 Nb5 34. Ne5
Nxd4 35. Re1 Nb5 36. Nxc4 Qxc4 37. b3 Qc5 38. Qd3 Qa3 39. c4 Nc7 40. Re2 a4 41.
Kg2 axb3 42. axb3 dxc4 43. bxc4 Qa8+ 44. Qf3 Qa4 45. Qf4 Qc6+ 46. Rf3 f6 47.
Qe4 Qxe4 48. Rxe4 e5 49. c5 Ne6 50. Rc4 Rc8 51. c6 Rc7 52. Rb3 Kf8 53. Rb7 Ke7
54. Rxc7+ Nxc7 55. h5 g5 56. Kf3 Kd6 57. Ke4 Ke6 58. Rc1 Ne8 59. Rd1 1-0

[Event "Sodingen- Bochum"]
[Site "?"]
[Date "2022.09.25"]
[Round "2.8"]
[White "Rohovoy, Dmitrij"]
[Black "Golinka, Oleksandr"]
[Result "0-1"]
[WhiteElo "1914"]
[BlackElo "2189"]
[PlyCount "92"]
[EventDate "2022.??.??"]
[SourceVersionDate "2023.06.22"]

1. d4 e6 2. c4 f5 3. Nf3 Nf6 4. Nc3 Be7 5. e3 O-O 6. Be2 b6 7. O-O Bb7 8. a3 a5
9. Qc2 Ne4 10. Rd1 d5 11. cxd5 exd5 12. Qb3 Kh8 13. Bd2 Bd6 14. Rac1 c6 15. Ne5
Bxe5 16. dxe5 Nd7 17. Nxe4 fxe4 18. e6 a4 19. Qc3 Nc5 20. Qe5 Qf6 21. Qg3 Nxe6
22. Bc3 Qf7 23. Rf1 Qg6 24. Qxg6 hxg6 25. Bg4 Rae8 26. Bd1 Ba6 27. Re1 Bb5 28.
Bg4 Rf7 29. Bxe6 Rxe6 30. Red1 Bc4 31. h3 g5 32. Rd2 Kg8 33. Rdd1 Rf5 34. g3
Rg6 35. Rd2 g4 36. h4 Rh6 37. Kg2 Kf7 38. Rdc2 Bd3 39. Rd2 Bc4 40. Rdc2 Rfh5
41. Rh1 Rh7 42. Rd2 Ke6 43. Bd4 c5 44. Bc3 g5 45. Rc2 Kf5 46. Rd2 gxh4 0-1

[Event "Langenfeld- Godesberg"]
[Site "?"]
[Date "2022.09.25"]
[Round "2.1"]
[White "Rechmann, Peter"]
[Black "Grabowski, Pavel"]
[Result "1/2-1/2"]
[WhiteElo "2297"]
[BlackElo "2253"]
[PlyCount "41"]
[EventDate "2022.??.??"]
[SourceVersionDate "2023.06.22"]

1. d4 Nf6 2. Nf3 g6 3. Bg5 Bg7 4. Nbd2 b6 5. e4 Bb7 6. Bd3 d5 7. Bxf6 Bxf6 8.
e5 Bg7 9. h4 Qd7 10. Qe2 c5 11. c3 Nc6 12. h5 cxd4 13. cxd4 Nb4 14. Bb5 Bc6 15.
Bxc6 Nxc6 16. hxg6 hxg6 17. Rxh8+ Bxh8 18. Rc1 Bg7 19. Nb3 Rc8 20. Qb5 Bh6 21.
Rc3 1/2-1/2

[Event "Langenfeld- Godesberg"]
[Site "?"]
[Date "2022.09.25"]
[Round "2.2"]
[White "Wigger, Jochen"]
[Black "Stoeber, Michael"]
[Result "1-0"]
[WhiteElo "2316"]
[BlackElo "2195"]
[PlyCount "81"]
[EventDate "2022.??.??"]
[SourceVersionDate "2023.06.22"]

1. Nf3 g6 2. g3 Bg7 3. Bg2 Nf6 4. c4 O-O 5. Nc3 d6 6. O-O Nc6 7. d3 e5 8. Nd2
Be6 9. Nd5 Qd7 10. Re1 Rae8 11. Rb1 Nh5 12. Ne4 f6 13. Qa4 Kh8 14. b4 a6 15.
Nec3 Rf7 16. b5 axb5 17. Qxb5 f5 18. Qxb7 Rb8 19. Qa6 Rxb1 20. Nxb1 Nd8 21. Nd2
c6 22. Nb4 d5 23. cxd5 cxd5 24. Nb3 Bf8 25. Bd2 Qa7 26. Qa5 Qxa5 27. Nxa5 Nf6
28. Nbc6 Nxc6 29. Nxc6 Rc7 30. Rc1 Ba3 31. Rc3 Bb2 32. Rb3 Ba1 33. Rb1 Rxc6 34.
Rxa1 Rc2 35. Bg5 Nd7 36. Bf1 Kg7 37. a4 h6 38. Be7 Kf7 39. Bd6 Rc6 40. Bb4 Rb6
41. Bd2 1-0

[Event "Langenfeld- Godesberg"]
[Site "?"]
[Date "2022.09.25"]
[Round "2.3"]
[White "Vogelmann, Peter"]
[Black "Koehler, Christian Friedrich"]
[Result "1/2-1/2"]
[WhiteElo "2188"]
[BlackElo "2203"]
[PlyCount "108"]
[EventDate "2022.??.??"]
[SourceVersionDate "2023.06.22"]

1. e4 e5 2. Nf3 Nf6 3. Nc3 Nc6 4. d4 Bb4 5. Nxe5 O-O 6. Nxc6 bxc6 7. e5 Re8 8.
Be2 Ne4 9. Qd3 d5 10. O-O Bf5 11. Nxe4 Bxe4 12. Qd1 Bf8 13. f3 Bg6 14. Bd3 c5
15. c3 cxd4 16. Bxg6 hxg6 17. cxd4 c5 18. Be3 c4 19. Qc2 Qb6 20. f4 Rab8 21.
Rf2 Qe6 22. Bd2 Bb4 23. Bc3 Re7 24. h3 Qf5 25. g4 Qxc2 26. Rxc2 Bxc3 27. bxc3
a5 28. Kf2 a4 29. Ke2 a3 30. Kd2 Reb7 31. Rac1 Kf8 32. h4 Ke7 33. f5 gxf5 34.
gxf5 Rh8 35. Rg1 Rxh4 36. Rxg7 Rh2+ 37. Kc1 Rh1+ 38. Kd2 Rh2+ 39. Kc1 Rh1+ 40.
Kd2 Rb2 41. Rg2 Ra1 42. Rg8 Rf1 43. f6+ Kd7 44. Rg2 Ra1 45. Rg7 Ke6 46. Rg8 Rh1
47. Rg2 Ra1 48. Rg8 Rf1 49. Rg2 Rh1 50. Ke3 Re1+ 51. Kf3 Rf1+ 52. Ke3 Re1+ 53.
Kf3 Rf1+ 54. Ke3 Re1+ 1/2-1/2

[Event "Langenfeld- Godesberg"]
[Site "?"]
[Date "2022.09.25"]
[Round "2.4"]
[White "Seger, Ruediger"]
[Black "Huelsmann, Josef"]
[Result "1-0"]
[WhiteElo "2262"]
[BlackElo "2218"]
[PlyCount "125"]
[EventDate "2022.??.??"]
[SourceVersionDate "2023.06.22"]

1. e4 e6 2. d4 d5 3. Nd2 Nf6 4. e5 Nfd7 5. c3 c5 6. Bd3 Nc6 7. Ne2 cxd4 8. cxd4
Nb6 9. O-O Bd7 10. Nf3 Be7 11. a3 a5 12. Nc3 O-O 13. Re1 Rc8 14. Bc2 f5 15.
exf6 gxf6 16. Bh6 Rf7 17. Bb3 Kh8 18. Ne2 Qg8 19. Nf4 Bf8 20. Bxf8 Rfxf8 21.
Rc1 Ne7 22. Nd3 Rxc1 23. Qxc1 Rc8 24. Qf4 Qf8 25. Nc5 e5 26. Nxd7 Nxd7 27. dxe5
Ng6 28. Qf5 Ndxe5 29. Nxe5 fxe5 30. Qxf8+ Rxf8 31. Bxd5 Kg7 32. g3 b6 33. Be4
Ne7 34. Rd1 h6 35. Rd7 Rf7 36. Bd5 Nxd5 37. Rxd5 e4 38. Re5 Rf3 39. Rxe4 Rb3
40. Re2 Kf6 41. Kg2 b5 42. Kh3 a4 43. Kg4 b4 44. axb4 Rxb4+ 45. f4 Rb5 46. h3
Rb3 47. Re4 a3 48. bxa3 Rxa3 49. Rb4 Rc3 50. Rb6+ Kg7 51. f5 Rc5 52. Rb4 Kf6
53. Rf4 Rc3 54. Kh4 h5 55. g4 hxg4 56. hxg4 Ke5 57. Rf1 Rc8 58. f6 Ke6 59. f7
Rf8 60. Kg5 Rxf7 61. Rxf7 Kxf7 62. Kh6 Kg8 63. g5 1-0

[Event "Langenfeld- Godesberg"]
[Site "?"]
[Date "2022.09.25"]
[Round "2.5"]
[White "Reinemer, Frank"]
[Black "Rybarczyk, Klaus"]
[Result "1-0"]
[WhiteElo "2093"]
[BlackElo "2197"]
[PlyCount "109"]
[EventDate "2022.??.??"]
[SourceVersionDate "2023.06.22"]

1. d4 Nf6 2. c4 g6 3. Nc3 Bg7 4. e4 d6 5. f4 c5 6. d5 O-O 7. Nf3 e6 8. Be2 exd5
9. cxd5 Nbd7 10. O-O Re8 11. Nd2 c4 12. e5 dxe5 13. Nxc4 e4 14. Be3 Bf8 15. f5
Bc5 16. Bxc5 Nxc5 17. fxg6 hxg6 18. Qd4 Nfd7 19. Nd6 Rf8 20. b4 Na6 21. Bxa6
bxa6 22. Rxf7 Rxf7 23. Qh8+ Kxh8 24. Nxf7+ Kg7 25. Nxd8 Nf6 26. a3 Bd7 27. Nb7
Bb5 28. Nc5 Bc4 29. Rd1 e3 30. Rd4 e2 31. Ne6+ Kf7 32. Kf2 Bb5 33. Nxe2 Rc8 34.
Nc5 a5 35. Nc3 Bd7 36. Rf4 Bf5 37. h3 axb4 38. axb4 a5 39. Nb5 Kg7 40. Nd6 Ra8
41. b5 Nxd5 42. Nxf5+ gxf5 43. Rxf5 Nb6 44. Rg5+ Kf7 45. Rh5 a4 46. Rh6 Rb8 47.
Na6 Kg7 48. Nxb8 Kxh6 49. Na6 Kg5 50. Ke3 a3 51. Nc5 Nc4+ 52. Kd4 Na5 53. Kc3
Kf5 54. Nb3 a2 55. Na1 1-0

[Event "Langenfeld- Godesberg"]
[Site "?"]
[Date "2022.09.25"]
[Round "2.6"]
[White "Schulte- Geers, Niklas"]
[Black "Pejkovich, Patrick"]
[Result "1-0"]
[WhiteElo "2157"]
[BlackElo "2123"]
[PlyCount "37"]
[EventDate "2022.??.??"]
[SourceVersionDate "2023.06.22"]

1. d4 Nf6 2. c4 e6 3. Nf3 Bb4+ 4. Bd2 a5 5. a3 Bxd2+ 6. Nbxd2 d5 7. e3 O-O 8.
Qc2 b6 9. cxd5 exd5 10. Rc1 Na6 11. Bb5 c5 12. O-O cxd4 13. Nxd4 Bb7 14. Qf5
Qd6 15. Qg5 Rfc8 16. Qxg7+ Kxg7 17. Nf5+ Kf8 18. Nxd6 Rxc1 19. Rxc1 1-0

[Event "Langenfeld- Godesberg"]
[Site "?"]
[Date "2022.09.25"]
[Round "2.7"]
[White "Vetter, Herbert"]
[Black "Broehl, Stephan"]
[Result "1/2-1/2"]
[WhiteElo "2190"]
[BlackElo "2140"]
[Annotator "daniel"]
[PlyCount "84"]
[EventDate "2022.??.??"]
[SourceVersionDate "2023.06.22"]

1. e4 c6 2. d4 d5 3. Nc3 dxe4 4. Nxe4 Nf6 5. Nxf6+ exf6 6. Nf3 Bd6 7. Bd3 O-O
8. O-O Re8 9. Re1 Rxe1+ 10. Qxe1 Nd7 11. Qe4 Nf8 12. Bf4 Be6 13. Bxd6 $11 Qxd6
14. c3 Rd8 15. Bc2 Bd5 16. Qe3 g6 17. Nd2 f5 18. Bb3 f4 19. Qd3 Bxb3 20. Nxb3
Ne6 21. Qe2 Qd5 22. Re1 a5 23. Qe5 a4 24. Qxd5 Rxd5 25. Nd2 Rb5 26. b3 axb3 27.
axb3 Ra5 28. Kf1 Ra2 29. Re2 Ra3 30. Re4 Ra1+ 31. Ke2 b5 32. c4 bxc4 33. bxc4
Ra5 34. Kd3 Kf8 35. Nb3 Ra3 36. Kc3 Ra2 37. d5 cxd5 38. cxd5 Nc7 39. Kd4 Ra4+
40. Kd3 Ra3 41. Kc4 Ra4+ 42. Kd3 Ra3 1/2-1/2

[Event "Langenfeld- Godesberg"]
[Site "?"]
[Date "2022.09.25"]
[Round "2.8"]
[White "Kutzner, Stephen"]
[Black "Wolfradt, Dirk"]
[Result "1-0"]
[WhiteElo "2068"]
[BlackElo "2147"]
[PlyCount "61"]
[EventDate "2022.??.??"]
[SourceVersionDate "2023.06.22"]

1. d4 Nf6 2. c4 e6 3. Nf3 b6 4. g3 Bb7 5. Bg2 Be7 6. O-O O-O 7. b3 Ne4 8. Nfd2
f5 9. Qc2 d5 10. cxd5 exd5 11. Bb2 Nd7 12. f3 Nxd2 13. Nxd2 Bg5 14. f4 Be7 15.
Bh3 g6 16. Nf3 Nf6 17. Ne5 c5 18. Kh1 Rc8 19. g4 cxd4 20. Qd3 Ne4 21. gxf5 gxf5
22. Rg1+ Kh8 23. Qxd4 Nf6 24. Rg5 Bc5 25. Qd3 d4+ 26. Bg2 Ne4 27. Rf1 Qd5 28.
Bxe4 fxe4 29. Ng6+ Kg7 30. Qg3 Rf5 31. Rxf5 1-0

[Event "Bünde- Lippstadt"]
[Site "?"]
[Date "2022.09.25"]
[Round "2.1"]
[White "Jesse, Ingemars"]
[Black "Brunke, Pascal"]
[Result "1/2-1/2"]
[WhiteElo "2373"]
[BlackElo "2056"]
[PlyCount "66"]
[EventDate "2022.??.??"]
[SourceVersionDate "2023.06.22"]

1. e4 e6 2. d4 d5 3. exd5 exd5 4. Nf3 Nf6 5. Bd3 c5 6. O-O c4 7. Re1+ Be7 8.
Bf1 O-O 9. b3 cxb3 10. axb3 Nc6 11. h3 Bf5 12. Ba3 Re8 13. Ne5 Bxa3 14. Nxc6
Rxe1 15. Qxe1 bxc6 16. Nxa3 Qb6 17. Qd1 h6 18. Nb1 c5 19. Ra6 Qc7 20. Na3 cxd4
21. Qxd4 Bxc2 22. Nxc2 Qxc2 23. b4 Qc7 24. g3 Qb7 25. Ra5 Rb8 26. Rb5 Qc7 27.
Rc5 Qb6 28. Bd3 Rd8 29. Kh2 Ne4 30. Bxe4 dxe4 31. Qxe4 a5 32. Rxa5 Qxf2+ 33.
Qg2 Rd2 1/2-1/2

[Event "Bünde- Lippstadt"]
[Site "?"]
[Date "2022.09.25"]
[Round "2.2"]
[White "Kettler, Ilija Jonas"]
[Black "Wagner, Alexej"]
[Result "1-0"]
[WhiteElo "2119"]
[BlackElo "2266"]
[PlyCount "53"]
[EventDate "2022.??.??"]
[SourceVersionDate "2023.06.22"]

1. e4 c5 2. Nf3 d6 3. d4 cxd4 4. Nxd4 Nf6 5. Nc3 a6 6. Be3 e5 7. Nb3 Be6 8. f3
Nbd7 9. g4 Be7 10. Qd2 O-O 11. O-O-O b5 12. g5 b4 13. Ne2 Ne8 14. f4 a5 15. f5
a4 16. fxe6 axb3 17. cxb3 fxe6 18. Bh3 Nc7 19. Kb1 Qe8 20. Ng3 d5 21. Rc1 Bd6
22. Rc6 Qe7 23. exd5 Nb8 24. Rcc1 Nxd5 25. Nf5 Rxf5 26. Bxf5 Nxe3 27. Be4 1-0

[Event "Bünde- Lippstadt"]
[Site "?"]
[Date "2022.09.25"]
[Round "2.3"]
[White "Dzirkalis, Edvins"]
[Black "Brunke, Christian"]
[Result "1/2-1/2"]
[WhiteElo "2111"]
[BlackElo "2161"]
[PlyCount "74"]
[EventDate "2022.??.??"]
[SourceVersionDate "2023.06.22"]

1. d4 d6 2. Nf3 f5 3. g3 Nf6 4. Bg2 g6 5. b3 Bg7 6. Bb2 O-O 7. Nbd2 c6 8. O-O
Qc7 9. Re1 Ne4 10. c4 Nxd2 11. Qxd2 Nd7 12. d5 Bxb2 13. Qxb2 cxd5 14. cxd5 Nf6
15. Qd4 Bd7 16. Nd2 Qa5 17. a4 Rac8 18. Rec1 Rxc1+ 19. Rxc1 Rc8 20. Rxc8+ Bxc8
21. Bf3 Bd7 22. Kg2 b6 23. e4 Qc5 24. Qxc5 dxc5 25. e5 Ne8 26. Be2 Nc7 27. Bc4
e6 28. dxe6 Nxe6 29. f4 Kf8 30. Kf2 Ke7 31. Ke3 Bc6 32. Nb1 Nc7 33. Nc3 a6 34.
Be2 Ke6 35. Bc4+ Ke7 36. Be2 Ke6 37. Bc4+ Ke7 1/2-1/2

[Event "Bünde- Lippstadt"]
[Site "?"]
[Date "2022.09.25"]
[Round "2.4"]
[White "Fuhlrott, Tim"]
[Black "Kuehler, Andreas"]
[Result "0-1"]
[WhiteElo "1995"]
[BlackElo "2029"]
[Annotator "daniel"]
[PlyCount "122"]
[EventDate "2022.??.??"]
[SourceVersionDate "2023.06.22"]

1. c4 e5 2. g3 Nc6 3. Nc3 Bc5 4. Bg2 a6 5. e3 Ba7 6. Nge2 d6 7. Nd5 Nge7 8. b4
Nxd5 9. cxd5 Ne7 10. d4 O-O 11. dxe5 dxe5 12. O-O Qd6 13. Qb3 Re8 14. Nc3 Nf5
15. Ne4 Qh6 16. Ba3 Bb6 17. Qa4 Rd8 18. Nc5 Nd6 19. Bb2 Re8 20. Ne4 Bf5 21.
Nxd6 Qxd6 22. Qb3 a5 23. b5 a4 $11 24. Qc4 Bd7 25. Rab1 Bc5 26. Bc3 b6 27. e4
Ra7 28. Kh1 Rea8 29. f4 f6 30. fxe5 fxe5 31. Qe2 Re8 32. Qh5 Qg6 33. Qxg6 hxg6
34. Rfc1 a3 35. Bb4 Bd4 36. Bc3 Bc5 37. Bf3 Ra4 38. Bd2 Rf8 39. Rb3 Raa8 40.
Kg2 Ra4 41. Rcc3 Rfa8 42. Be3 Bd6 43. Bd2 $11 R8a5 44. Rc6 Bxc6 45. Bxa5 Bxb5
46. Rxb5 bxa5 47. Rb8+ Kf7 48. Bg4 Rd4 49. Be6+ Ke7 50. Rb1 Rd2+ 51. Kh3 Rxa2
52. Rf1 Re2 53. Rf7+ Ke8 54. Rxg7 a2 55. Rg8+ Bf8 56. Bg4 Rf2 57. Rxg6 a1=Q 58.
Bh5 Qf1+ 59. Kg4 Qe2+ 60. Kg5 Qe3+ 61. Kh4 Rxh2+ 0-1

[Event "Bünde- Lippstadt"]
[Site "?"]
[Date "2022.09.25"]
[Round "2.5"]
[White "Homfeldt, Christopher"]
[Black "Moradi Kahlou, Benjamin"]
[Result "0-1"]
[WhiteElo "1830"]
[BlackElo "2057"]
[PlyCount "150"]
[EventDate "2022.??.??"]
[SourceVersionDate "2023.06.22"]

1. d4 Nf6 2. c4 d6 3. Nc3 e5 4. dxe5 dxe5 5. Qxd8+ Kxd8 6. Nf3 Nbd7 7. a3 h6 8.
e4 c6 9. h3 Bd6 10. Be3 Kc7 11. Nd2 Bc5 12. Bxc5 Nxc5 13. b4 Ne6 14. O-O-O Nd4
15. Kb2 Be6 16. c5 Nd7 17. Bc4 b6 18. Bxe6 fxe6 19. cxb6+ axb6 20. Nc4 Rhf8 21.
f3 b5 22. Ne3 Nb6 23. Rd3 Ra7 24. Rc1 Kb7 25. Nb1 Rfa8 26. Nd2 Ne2 27. Rc2 Nf4
28. Rd6 Rxa3 29. Rcxc6 Nc8 30. Nb3 Nxd6 31. Rxd6 Kc7 32. Rd1 Ra2+ 33. Kb1 Nxg2
34. Ng4 Nf4 35. Nxe5 Rh2 36. Rd7+ Kc8 37. Na5 Ra6 38. Rd1 Ne2 39. Rd3 Ra7 40.
Nac6 Rc7 41. Rd8+ Kb7 42. Na5+ Ka7 43. Nec6+ Rxc6 44. Nxc6+ Kb6 45. Rd6 Kc7 46.
Rxe6 Nf4 47. Re7+ Kxc6 48. Rxg7 Rxh3 49. Rf7 Rxf3 50. Rf6+ Kc7 51. Rxh6 Rb3+
52. Kc2 Rxb4 53. e5 Re4 54. Rf6 Kd7 55. Rd6+ Ke7 56. Kc3 Rxe5 57. Rh6 Ne6 58.
Kb4 Kd6 59. Rh4 Kc6 60. Rg4 Nc5 61. Ka5 Nb7+ 62. Kb4 Nd6 63. Rg7 Re4+ 64. Kc3
Kd5 65. Kd3 Re3+ 66. Kd2 Rh3 67. Rg4 Ne4+ 68. Kc2 Kd4 69. Rg7 Kc4 70. Rc7+ Nc5
71. Rg7 Rh2+ 72. Kb1 b4 73. Rg4+ Kc3 74. Ka1 Nb3+ 75. Kb1 Rb2# 0-1